LEADER 01160nam a22003011i 4500 001 991002147779707536 005 20040221175416.0 008 040407s1974 it a||||||||||||||||mul 035 $ab12878005-39ule_inst 035 $aARCHE-085762$9ExL 040 $aDip.to Scienze Storiche$bita$cA.t.i. Arché s.c.r.l. Pandora Sicilia s.r.l. 041 0 $aitafre 082 04$a730.944 110 1 $aMilano.$bRipartizione cultura e spettacolo$033926 245 10$aCésar :$bRotonda di via Besana, marzo 1974 : Comune di Milano, Ripartizione cultura 260 $a[S.l. :$bs.n.],$cstampa 1974$e(Milano :$fArti grafiche Fiorin) 300 $a1 v. :$bill. ;$c24 cm 500 $aEd. di 1000 esemplari 500 $aSenza paginazione 500 $aTesto introduttivo di Pierre Restany 600 14$aBaldaccini, César$xEsposizioni$y1974 700 1 $aRestany, Pierre 907 $a.b12878005$b02-04-14$c16-04-04 912 $a991002147779707536 945 $aLE009 LA MON C 53$g1$i2009000080423$lle009$o-$pE0.00$q-$rl$s- $t0$u0$v0$w0$x0$y.i13439790$z16-04-04 996 $aCésar$9301391 997 $aUNISALENTO 998 $ale009$b16-04-04$cm$da $e-$fmul$git $h0$i1 LEADER 02108oam 2200613K 450 001 9910712905103321 005 20180924044904.1 024 8 $aGOVPUB-C13-ecbde1d5a5a793715379208011cc0c26 035 $a(CKB)5470000002499147 035 $a(OCoLC)952976880$z(OCoLC)925473136 035 $a(OCoLC)995470000002499147 035 $a(EXLCZ)995470000002499147 100 $a20160704d1978 ua 0 101 0 $aeng 135 $aurbn||||||abp 135 $aurbn||||||ada 181 $ctxt$2rdacontent 182 $cc$2rdamedia 183 $acr$2rdacarrier 200 04$aThe Nicrosil versus nisil thermocouple $eproperties and thermoelectric reference data /$fNoel A. Burley [and others] ; sponsored by National Bureau of Standards, U.S. Department of Commerce and Materials Research Laboratories, Australian Department of Defence 210 1$a[Washington] :$cU.S. Dept. of Commerce :$cFor sale by the Supt. of Docs., U.S. Govt. Print. Off.,$d1978. 215 $a1 online resource (x, 156 pages) $cillustrations 225 1 $aNBS monograph ;$v161 320 $aIncludes bibliographical references (pages 100-101). 517 $aNicrosil versus nisil thermocouple 606 $aNickel alloys 606 $aThermocouples 606 $aNickel$xAlliages 606 $aThermo electricit e 606 $aThermocouples$xEtalonnage 606 $aThermocouples 606 $aNickel alloys$2fast 606 $aThermocouples$2fast 615 0$aNickel alloys. 615 0$aThermocouples. 615 6$aNickel$xAlliages. 615 6$aThermo electricit e. 615 6$aThermocouples$xEtalonnage. 615 6$aThermocouples. 615 7$aNickel alloys. 615 7$aThermocouples. 676 $a602/.1 s 676 $a669/.733 686 $a51.30$2bcl 701 $aBurley$b Noel A$01414372 712 02$aUnited States.$bNational Bureau of Standards. 801 0$bOCLCE 801 1$bOCLCE 801 2$bNBS 801 2$bOCLCQ 906 $aBOOK 912 $a9910712905103321 996 $aThe Nicrosil versus nisil thermocouple$93513441 997 $aUNINA